Every Song by Neck Deep - Statistics

General Stats
  • This quiz has been taken 60 times
    53 since last reset
  • The average score is 30 of 70
Answer Stats
Album Song % Correct
Life's Not Out to Get You(2015) December
91%
Rain in July(2012) A Part of Me
82%
The Peace and the Panic(2017) In Bloom
76%
Life's Not Out to Get You(2015) Gold Steps
74%
Life's Not Out to Get You(2015) Kali Ma
74%
The Peace and the Panic(2017) Wish You Were Here
65%
Neck Deep(2024) Dumbstruck Dumbfuck
62%
Life's Not Out to Get You(2015) Lime St.
62%
The Peace and the Panic(2017) Don't Wait
59%
The Peace and the Panic(2017) Happy Judgement Day
59%
All Distortions Are Intentional(2020) Lowlife
59%
The Peace and the Panic(2017) Motion Sickness
59%
Life's Not Out to Get You(2015) Smooth Seas Don't Make Good Sailors
59%
Life's Not Out to Get You(2015) Serpents
56%
Non-Album(2019) She's a God
56%
All Distortions Are Intentional(2020) Sonderland
56%
Non-Album(2022) STFU
56%
Life's Not Out to Get You(2015) Can't Kick Up the Roots
53%
Neck Deep(2024) Heartbreak of the Century
53%
All Distortions Are Intentional(2020) Little Dove
53%
The Peace and the Panic(2017) Parachute
53%
Neck Deep(2024) Take Me with You
53%
Neck Deep(2024) Sort Yourself Out
50%
Life's Not Out to Get You(2015) The Beach Is for Lovers (Not Lonely Losers)
50%
Neck Deep(2024) They May Not Mean To (But They Do)
50%
Neck Deep(2024) We Need More Bricks
50%
All Distortions Are Intentional(2020) When You Know
50%
All Distortions Are Intentional(2020) Fall
47%
Life's Not Out to Get You(2015) Citizens of Earth
44%
All Distortions Are Intentional(2020) Empty House
44%
Neck Deep(2024) Go Outside!
44%
Life's Not Out to Get You(2015) I Hope This Comes Back to Haunt You
44%
Neck Deep(2024) It Won't Be Like This Forever
44%
Neck Deep(2024) Moody Weirdo
44%
All Distortions Are Intentional(2020) Pushing Daisies
44%
All Distortions Are Intentional(2020) Quarry
44%
Wishful Thinking(2014) Candour
41%
Life's Not Out to Get You(2015) Rock Bottom
41%
The Peace and the Panic(2017) Where Do We Go When We Go
41%
Wishful Thinking(2014) Zoltar Speaks
41%
The Peace and the Panic(2017) 19 Seventy Sumthin
38%
All Distortions Are Intentional(2020) Sick Joke
38%
All Distortions Are Intentional(2020) Telling Stories
38%
Life's Not Out to Get You(2015) Threat Level Midnight
38%
The Peace and the Panic(2017) Critical Mistake
35%
The Peace and the Panic(2017) Heavy Lies
35%
Neck Deep(2024) This Is All My Fault
35%
Wishful Thinking(2014) What Did You Expect?
35%
All Distortions Are Intentional(2020) What Took You So Long
35%
The Peace and the Panic(Bonus)(2017) Beautiful Madness
32%
Wishful Thinking(2014) Losing Teeth
32%
Rain in July(2012) Silver Lining
32%
Wishful Thinking(2014) Damsel in Distress
29%
All Distortions Are Intentional(2020) I Revolve (Around You)
29%
A History of Bad Decisions(2013) Tables Turned
29%
A History of Bad Decisions(2013) Head to the Ground
26%
Wishful Thinking(2014) Staircase Wit
26%
The Peace and the Panic(2017) The Grand Delusion
26%
A History of Bad Decisions(2013) Up in Smoke
26%
The Peace and the Panic(Bonus)(2017) Worth It
26%
Wishful Thinking(2014) Blank Pages
24%
Wishful Thinking(2014) Crushing Grief (No Remedy)
24%
Rain in July(2012) Kick It
24%
Rain in July(2012) Over and Over
24%
Rain in July(2012) All Hype, No Heart
21%
Wishful Thinking(2014) Mileage
21%
Rain in July(2012) I Couldn't Wait to Leave 6 Months Ago
18%
Wishful Thinking(2014) Say What You Want
18%
Wishful Thinking(2014) Sweet Nothings
15%
Wishful Thinking(2014) Growning Pains
0%
No matching quizzes found
Score Distribution
Percent of People with Each Score
Percentile by Number Answered
Your Score History
You have not taken this quiz since the last reset